Letter Pair: DT Quiz Stats

 Plays Quiz Updated Jan 20, 2017

Also try: Letter Pair: BC
Challenge
Share
Tweet
Embed
Score 0/15 Timer 03:00
0 Plays Today
Hint Answer % Correct
American business magnate and 45th President of the USDonald Trump
93.3%
A cloth or scrim-backed pressure sensitive adhesive often used to fix just about anythingDuct Tape
86.6%
Nickname given to the 1992 United States men's Olympic basketball squadDream Team
80.9%
The ninth most populous city in the United States (city and state)Dallas, Texas
80.5%
Major League Baseball team that plays its home games at Comerica Park Detroit Tigers
76.7%
Watergate informant named for a controversial porn titleDeep Throat
71.8%
Founder, former chairman & spokesperson of the Wendy's fast-food chainDave Thomas
65.9%
Long-running serial comic strip, later a 1990 Warren Beatty filmDick Tracy
60.9%
Hint Answer % Correct
Bob Saget's character on 'Full House'Danny Tanner
55.9%
Welsh poet and writer who wrote 'Do not go gentle into that good night'Dylan Thomas
41%
A 1965 song by The BeatlesDay Tripper
30.7%
Actor who played the tenth incarnation of the Doctor in 'Doctor Who'David Tennant
27.4%
Series of fantasy/western books written by Stephen KingDark Tower
25.5%
A 6-times-a-week morning conservative-leaning newspaper distributed throughout the UK and abroadDaily Telegraph
21.1%
An expression of surprise in body language or a British comedyDouble Take
20%

You're not logged in!

Compare scores with friends on all Sporcle quizzes.
Join for Free
OR
Log In

You Might Also Like...

Show Comments

Extras

Top Quizzes Today


Score Distribution

Your Account Isn't Verified!

In order to create a playlist on Sporcle, you need to verify the email address you used during registration. Go to your Sporcle Settings to finish the process.

Report this User

Report this user for behavior that violates our Community Guidelines.

Details: